Most Viewed YouTube Gaming Channels - Statistics

General Stats
  • This quiz has been taken 13 times
  • The average score is 6 of 20
Answer Stats
Total Video Views Answer % Correct
26,616,396,412 PewDiePie
91%
13,587,064,273 jacksepticeye
82%
14,549,048,029 Markiplier
64%
17,495,884,989 DanTDM
55%
13,316,355,060 VanossGaming
55%
11,351,979,312 Jelly
36%
14,137,945,118 PopularMMOs
27%
7,550,689,587 stampylonghead
27%
8,700,606,074 Fernanfloo
18%
6,665,984,847 LazarBeam
18%
7,880,285,371 Mikecrack
18%
7,493,824,251 SSundee
18%
13,506,511,267 VEGETTA777
18%
8,418,157,114 AuthenticGames
9%
18,139,648,402 FGTeeV
9%
11,428,424,214 IGN
9%
6,980,596,660 ItsFunneh
9%
12,078,902,414 JuegaGerman
9%
10,316,090,325 Talking Tom
0%
6,529,478,113 TheWillyrex
0%
No matching quizzes found
Score Distribution
Percent of People with Each Score
Percentile by Number Answered
Your Score History
You have not taken this quiz